000 00664nam a2200229Ia 4500
003 OSt
005 20221007075842.0
006 a|||||r|||| 00| 0
007 ta
008 221006b |||||||| |||| 00| 0 eng d
024 _a17,809
037 _cTextual
040 _aFLL
_cFLL
_beng
041 _2eng
_aeng
082 _aY150aW691.2.N50 N40, M0
100 _aChakravartty Renu
245 0 _aCommunists in Indian women's movement 1940-1950
260 _aNew Delhi
_bPeople's Publishing House India
_c1980
300 _a227p
_ccm.
942 _hY150aW691.2.N50 N40, M0
_cTEXL
_2CC
999 _c1157583
_d1157583